000 00523nam a2200157 i 4500
001 129267
003 ES-MaACL
005 20230906193453.0
007 t|
008 200928s1884 sp ||||1| spa d
110 2 _aCompañía General de Carruajes Libre-Tranvía (Barcelona)
_9170358
245 1 0 _aMemoria y presupuesto /
_cCompañía General de Carruajes Libre-Tranvía, Barcelona.
260 _aBarcelona :
_b[s.n.],
_c1884 (
_fImp. Peninsular)
300 _a7 p., 1 h., 3 lám. ;
_ccm.
852 _aES-MaACL
_jT-353-F-1
999 _c129267
_d129267